| Tag |
First Indicator |
Second Indicator |
Subfields |
| LEADER |
00000cam a2200000 a 4500 |
| 001 |
in00001403919 |
| 005 |
20151020054242.0 |
| 008 |
970627s1997 caua b 001 0 eng |
| 010 |
|
|
|a 97026466
|
| 020 |
|
|
|a 078790323X
|
| 035 |
|
|
|a (OCoLC)37315284
|
| 035 |
|
|
|9 AHN0890AM
|
| 040 |
|
|
|a DLC
|c DLC
|d C#P
|d TXA
|d UtOrBLW
|
| 049 |
|
|
|a TXAM
|
| 050 |
0 |
0 |
|a HD62.4
|b .F858 1997
|
| 082 |
0 |
0 |
|a 658/.049
|2 21
|
| 100 |
1 |
|
|a Funakawa, Atsushi.
|
| 245 |
1 |
0 |
|a Transcultural management :
|b a new approach for global organizations /
|c Atsushi Funakawa.
|
| 250 |
|
|
|a 1st ed.
|
| 264 |
|
1 |
|a San Francisco :
|b Jossey-Bass Publishers,
|c [1997]
|
| 264 |
|
4 |
|c ©1997
|
| 300 |
|
|
|a xx, 231 pages :
|b illustrations ;
|c 24 cm.
|
| 336 |
|
|
|a text
|b txt
|2 rdacontent
|
| 337 |
|
|
|a unmediated
|b n
|2 rdamedia
|
| 338 |
|
|
|a volume
|b nc
|2 rdacarrier
|
| 490 |
1 |
|
|a The Jossey-Bass business & management series
|
| 504 |
|
|
|a Includes bibliographical references (pages 205-216) and index.
|
| 650 |
|
0 |
|a International business enterprises
|x Management.
|
| 650 |
|
0 |
|a Industrial management
|v Cross-cultural studies.
|
| 830 |
|
0 |
|a Jossey-Bass business & management series.
|
| 999 |
|
|
|a MARS
|
| 999 |
f |
f |
|s 5f0a7dda-9eea-390d-a1cb-f51dbb0f6c55
|i ebaba7b1-7989-3803-9666-8cf6f4ba2e2d
|t 0
|
| 952 |
f |
f |
|p ric
|a Texas A&M University
|b Rellis Campus
|c Joint Library Facility
|d Remote Storage
|t 0
|e HD62.4 .F858 1997
|h Library of Congress classification
|i unmediated -- volume
|m A14841653437
|
| 998 |
f |
f |
|a HD62.4 .F858 1997
|t 0
|l Remote Storage
|